UK Big Brother Winners Quiz Stats

 Plays Quiz Retired Jun 22, 2021

Support Sporcle.
Go Orange.
Score 0/32 Timer 05:00
0 Plays Today
Series Winner % Correct
Big Brother 2Brian Dowling
82.3%
Big Brother 8Brian Belo
81.8%
Ultimate Big BrotherBrian Dowling
78.9%
Big BrotherCraig Phillips
77.2%
Big Brother 3Kate Lawler
72.3%
Big Brother 5Nadia Almada
67.4%
Big Brother 7Pete Bennett
58.9%
Big Brother 4Cameron Stout
55.1%
Big Brother 6Anthony Hutton
50.5%
Celebrity Big Brother 2006Chantelle Houghton
48.6%
Big Brother 15Helen Wood
47.7%
Big Brother 9Rachel Rice
46.2%
Celebrity Big Brother 2001Jack Dee
45.9%
Big Brother 10Sophie Reade
41.8%
Celebrity Big Brother 2009Ulrika Jonsson
40.8%
Celebrity Big Brother 2007Shilpa Shetty
40.1%
Series Winner % Correct
Celebrity Big Brother 2002Mark Owen
38.2%
Celebrity Big Brother 2013Rylan Clark
38%
Big Brother 14Sam Evans
38%
Celebrity Big Brother 2013Charlotte Crosby
35.3%
Celebrity Big Brother 2014Jim Davidson
34.4%
Big Brother 13Luke Anderson
33.9%
Big Brother 12Aaron Allard-Morgan
33.7%
Celebrity Big Brother 2012Denise Welch
33.1%
Celebrity Big Brother 2012Julian Clary
25.5%
Big Brother: Celebrity HijackJohn Loughton
25%
Celebrity Big Brother 2011Paddy Doherty
24.5%
Celebrity Big Brother 2005Mark 'Bez' Berry
22%
Big Brother 16Chloe Wilburn
13.9%
Big Brother 11Josie Gibson
13.7%
Teen Big BrotherPaul Brennan
11.5%
Celebrity Big Brother 2010Alex Reid
8.7%

From the Vault

5 Scenes, 1 Actor II

by BigAl1994

Movies 7m
This quiz is like watching 5 movies all at once, but don't do that, it'll give you a migraine.
Remove Ads.
Support Sporcle.
Get the best of Sporcle when you Go Orange. This ad-free experience offers more features, more stats, and more fun while also helping to support Sporcle. Thank you for becoming a member.

Show Comments

Extras

Top Quizzes Today


Score Distribution

Your Account Isn't Verified!

In order to create a playlist on Sporcle, you need to verify the email address you used during registration. Go to your Sporcle Settings to finish the process.

Report this User

Report this user for behavior that violates our Community Guidelines.

Details: